000 00528nam a2200181Ia 4500
001 16403
005 20260306170307.0
008 260306t2022||||xx |||||||||||||| ||und||
041 _aESP
082 _a348.57
_bM84
100 _aMonge Morales, Gonzalo J.
_eAUT
245 0 _aDerechos económicos y ambientales:
_bpropiedad, libertad de contratación, libertad de empresa, libre competencia y ambiente
260 _c2022
300 _a258 páginas :
_c20 cm.
650 _aGEN
654 _aCDE
942 _cLIB
_dJUS
_fJUS
_2ddc
_n
999 _c16403
_d16403